1137 1840 1693 1699 1497 1592 1528 1498 1313 1647 1451 1718 1315 1553 1360 1066 1928 1856 1514 1007 1238 1072 1156 1912 1036 1600 1075 1304 1303 1610 1206 1162 1583 1753 1573 1107 1359 1576 1750 1984 1047 1274 1902 1514 1434 1870 1800 1774 1050 1479 1286 1434 1767 1159 1499 1303 1727 1669 1155 1833 1306 1230 1734 1488 1531 1408 1553 1462 1854 1837 1765 1899 1718 1120 1750 1464 1655 1161 1699 1173 1616 1045 1425 1490 1129 1631 1466 1386 1096 1057 1459 1902 1215 1503 1713 1143 1259 1499 1697 BCNSPRNW ULIB Ver.6.0+V

เปลี่ยนเป็นภาษาไทย

Change to English
 แสดงรายละเอียดบรรณานุกรม
  กลับหน้าหลัก

Brief Record : Get Marc (ISO 2709) : E-mail record : QR code < ปิดหน้าต่าง
LEADER : 00000nam 2200000uu 4500
001    13399110918
003     ULIB
008    110613s2546||||th 000 0 tha d
020    9749006518
050  4 AC158^bค696ส 2546
100    คูลิดจ์-สตอลซ์, อลิซาเบธ
245    สุขภาพและชีววิทยามนุษย์/ ^cผู้แต่ง คูลิดจ์-สตอลซ์, อลิซาเบธ; แปล ตรัยเทพ เกษศิลป์
246 31 สำรวจโลกวิทยาศาสตร์
260    กรุงเทพฯ : ^bเพียร์สัน เอ็ดดูเคชั่น อินโดไชน่า, ^c2546
300    288 หน้า : ^bภาพประกอบ ; ^c28 ซม.
490    สำรวจโลกวิทยาศาสตร์
650  7 การทดลอง
650  7 สรีรวิทยามนุษย์
650  7 วิทยาศาสตร์
700    ตรัยเทพ เกษศิลป์, ^eผู้แปล
945    ^p0^l0^i028556
995    ทศพร
999 ^a ใช้งานได้ทุกระบบ
รายการนี้ยังไม่มีแท็ก
คุณยังไม่ได้ล็อกอิน คุณสามารถมีกิจกรรมร่วมกับเว็บไซต์ได้ แต่ต้องล็อกอินก่อน ::
  ล็อกอิน

รายการสื่อสารสนเทศ

ลำดับที่ ประเภท เลขเรียก/บาร์โค้ด สถานที่ สถานะ
- ไม่พบข้อมูล -

รายการใกล้เคียง
    หัวเรื่อง [การทดลอง]
    หัวเรื่อง [สรีรวิทยามนุษย์]
    หัวเรื่อง [วิทยาศาสตร์]

BibComment


ยังไม่เคยถูกคอมเมนท์

คอมเมนท์ทรัพยากรรายการนี้
  คอมเมนท์: สุขภาพและชีววิทยา..


 Copyright 2026. Bcnsprnw @Library